000 00554nam a2200169Ia 4500
003 GCL
008 140319s9999 xx 000 0 ara d
040 _aGCL /
_cGCL
082 0 4 _aد
_b050
_bد هـ
245 1 0 _aالهلال نوفمبر 1993 :
260 _aالقاهرة :
_bدار الهلال للطباعة والنشر ،
_c1993
650 0 4 _aالفنون الجميلة
650 0 4 _aالاثار الفرعونية
650 0 4 _aالاهرام
650 0 4 _aمصر - تاريخ - الحملة الفرنسية (1798-1801م)
942 _2ddc
_cCR
999 _c6645
_d6645